| 000 | 00691nam a2200205 i 4500 | ||
|---|---|---|---|
| 001 | 136619 | ||
| 003 | ES-MaACL | ||
| 005 | 20230906195201.0 | ||
| 007 | t| | ||
| 008 | 070214s1962 sp r ||||1| spa d | ||
| 100 | 0 |
_aSáez Jiménez, Jesús. _9101376 |
|
| 245 | 1 | 0 |
_aEnjuiciamiento criminal _b: comentarios prácticos a la L.E. Crim. referidos a la ley de urgencia / _cJesús Sáez Jiménez ; prólogo de Ginés Parra Jiménez. |
| 260 |
_aMadrid : _bSantillana, _c1962. |
||
| 300 |
_a1083 p. ; _c25 cm. |
||
| 490 | 1 | _aCol. `la toga` | |
| 700 | 1 |
_aParra Jiménez, Ginés. _989246 |
|
| 830 | 0 |
_aCol. `la toga` _9220018 |
|
| 852 |
_aES-MaACL _jC-21905 _bR.50659 |
||
| 999 |
_c136619 _d136619 |
||